000 00552nam a22001937a 4500
003 Ost
005 20250402113548.0
008 250402b |||||||| |||| 00| 0 eng d
020 _a9781590309537
040 _cBT-PhCST
050 _a4624
082 _222
_a294.3423
_bTRU
100 _aChogyam, Trungpa
245 _aThe future is open :
_bgood karma, bad karma, and beyond karma /
260 _aUnited States of America,
_bShambhala Publication Inc.
_cc2018
300 _axiv, 182 p. :
_bill. ;
_c22 cm.
500 _aIncludes index.
942 _2ddc
_cF
999 _c9973
_d9973